300 biggest cities in the world 10 minute sprint - Statistics

General Stats
  • This quiz has been taken 104 times
    85 since last reset
  • The average score is 130 of 300
Answer Stats
Population City % Correct
41.17 million Tokyo
98%
22.51 million New York City
95%
12.00 million Paris
95%
19.03 million Beijing
92%
17.81 million Los Angeles
92%
4.37 million Berlin
91%
17.29 million Moscow
91%
6.43 million Madrid
89%
5.75 million Saint Petersburg
89%
15.92 million Buenos Aires
88%
14.92 million London
88%
23.18 million Mexico City
88%
33.95 million Shanghai
88%
30.51 million Delhi
86%
31.62 million Jakarta
86%
4.42 million Barcelona
85%
9.90 million Chicago
85%
17.47 million Osaka
85%
3.55 million Rome
85%
7.92 million San Francisco
85%
15.47 million Tehran
83%
7.59 million Toronto
83%
7.00 million Dallas
82%
46.96 million Guangzhou
82%
7.72 million Hong Kong
82%
2.21 million Munich
82%
25.92 million Seoul
82%
21.80 million Cairo
80%
6.50 million Houston
80%
18.92 million Lagos
80%
6.16 million Miami
80%
12.95 million Rio De Janeiro
80%
5.22 million Sydney
80%
8.21 million Washington D.C.
80%
7.84 million Boston
79%
15.67 million Istanbul
79%
9.92 million Lima
79%
26.53 million Manila
79%
26.00 million Mumbai
79%
2.80 million Sana’a
79%
7.96 million Singapore
77%
6.93 million Baghdad
76%
13.00 million Johannesburg
76%
8.00 million Riyadh
76%
23.06 million São Paulo
76%
9.90 million Bogota
74%
17.02 million Kolkata
74%
2.39 million Lisbon
74%
3.00 million Manchester
74%
6.14 million Milan
74%
6.00 million Nairobi
74%
3.40 million San Diego
74%
7.06 million Santiago
74%
3.45 million Athens
73%
18.42 million Bangkok
73%
4.04 million Brasília
73%
3.86 million Hanoi
73%
12.90 million Kinshasa
73%
5.00 million Melbourne
73%
4.29 million Seattle
73%
9.80 million Taipei
73%
2.45 million Amsterdam
71%
5.10 million Ankara
71%
3.68 million Caracas
71%
21.02 million Dhaka
71%
5.42 million Dubai
71%
3.50 million Kiev
71%
3.95 million Algiers
70%
4.20 million Cape Town
70%
5.90 million Atlanta
68%
3.10 million Birmingham
68%
2.55 million Budapest
68%
11.25 million Chennai
68%
7.23 million Philadelphia
68%
2.85 million Vancouver
68%
9.71 million Wuhan
68%
5.82 million Detroit
67%
8.29 million Kuala Lumpur
67%
2.55 million Tunis
67%
2.30 million Warsaw
67%
2.58 million Brussels
65%
3.90 million Damascus
65%
8.26 million Ho Chi Minh City
65%
17.93 million Karachi
65%
12.81 million Lahore
65%
2.12 million Stockholm
65%
5.90 million Alexandria
64%
2.12 million Bucharest
64%
6.30 million Dar Es Salaam
64%
3.60 million Denver
64%
2.55 million Tel-Aviv-Jaffa
64%
2.20 million Vienna
64%
12.05 million Bangalore
62%
3.60 million Dakar
62%
3.27 million Frankfurt
62%
4.19 million Montreal
62%
2.60 million Quito
62%
2.87 million Hamburg
61%
8.09 million Luanda
61%
6.29 million Khartoum
59%
4.36 million Phoenix
59%
2.38 million Portland
59%
3.90 million Addis Ababa
58%
4.30 million Casablanca
58%
2.20 million Havana
58%
2.25 million Las Vegas
58%
6.59 million Xi’an
58%
5.50 million Amman
56%
5.10 million Belo Horizonte
56%
4.28 million Kabul
56%
2.95 million Pyongyang
56%
2.30 million San Jose
56%
5.20 million Accra
55%
1.80 million Liverpool
55%
2.05 million Perth
55%
1.90 million Austin
53%
10.52 million | 2.25 million Hyderabad
53%
2.14 million San Antonio
53%
12.36 million Tianjin
53%
5.40 million Guadalajara
52%
2.00 million Minsk
52%
3.46 million Orlando
52%
2.01 million Rabat
52%
5.07 million Cologne / Düsseldorf
50%
3.15 million Minneapolis
50%
5.04 million Monterrey
50%
4.14 million Naples
50%
3.10 million Brisbane
48%
9.81 million Chengdu
48%
3.07 million Guatemala City
48%
1.94 million Lyon
48%
3.55 million Abuja
47%
8.16 million Ahmedabad
47%
4.12 million Busan
47%
2.10 million La Paz
47%
4.04 million Medellin
47%
2.10 million Leeds
45%
11.83 million Nagoya
45%
3.90 million Recife
45%
3.00 million Cleveland
44%
4.91 million Jeddah
44%
2.08 million Mecca
44%
3.20 million Port-au-Prince
44%
2.30 million Saint Louis
44%
4.28 million Tampa
44%
4.40 million Kuwait City
42%
1.80 million Montevideo
42%
8.14 million Chongqing
41%
3.45 million Durban
41%
6.52 million Pune
41%
2.47 million Sapporo
41%
9.90 million Xiamen
41%
5.52 million Abidjan
39%
1.90 million Aleppo
39%
2.30 million Asunción
39%
2.45 million Charlotte
39%
4.40 million Colombo
39%
2.00 million Indianapolis
39%
3.02 million Kathmandu
39%
2.56 million Lusaka
39%
3.27 million Rotterdam
39%
3.97 million Santo Domingo
39%
2.30 million Stuttgart
39%
2.50 million Baku
38%
3.50 million Bamako
36%
5.15 million Harbin
36%
1.85 million Hiroshima
36%
2.23 million Brazzaville
35%
3.00 million Izmir
35%
4.37 million Kano
35%
2.01 million Kansas City
35%
1.90 million Mogadishu
35%
3.18 million Tashkent
35%
2.00 million Valencia
35%
2.73 million Cincinnati
33%
3.50 million Kampala
33%
2.25 million Maputo
33%
6.45 million Nanjing
33%
2.00 million Phnom Penh
33%
3.60 million Fortaleza
32%
4.10 million Porto Alegre
32%
2.90 million Cali
30%
2.10 million Manaus
30%
3.60 million Salvador
30%
4.10 million Urumqi
30%
5.50 million Yangon
30%
2.20 million Belem
29%
3.90 million Jaipur
29%
6.10 million Surabaya
29%
2.00 million Harare
27%
4.20 million Kunming
27%
2.00 million Pittsburgh
27%
1.90 million San Juan
27%
3.46 million Yaounde
27%
4.55 million Chittagong
26%
4.30 million Dalian
26%
2.67 million Fukuoka
26%
4. 05 million Fuzhou
26%
4.95 million Hefei
26%
1.87 million San Salvador
26%
8.00 million Shenyang
26%
1.90 million Tijuana
26%
2.00 million Sacramento
23%
2.10 million Almaty
21%
6.91 million Bandung
21%
2.60 million Cebu
21%
4.57 million Changsha
21%
3.45 million Douala
21%
3.57 million Ibadan
21%
3.60 million Lucknow
21%
4.00 million Medan
21%
3.49 million Nanning
21%
3.10 million Puebla
21%
6.10 million Qingdao
21%
2.34 million Salt Lake City
21%
7.81 million Shantou
21%
2.50 million Conakry
20%
3.60 million Faisalabad
20%
2.10 million George Town
20%
3.18 million Mashhad
20%
2.51 million Ouagadougou
20%
6.45 million Surat
20%
5.26 million Wenzhou
20%
5.10 million Zhengzhou
20%
2.26 million Agra
18%
3.60 million Changchun
18%
3.50 million Kanpur
18%
3.29 million Nagpur
18%
3.45 million Curitiba
17%
2.50 million Dammam
17%
1.91 million Leon
17%
2.50 million Maracaibo
17%
2.30 million Port Harcourt
17%
2.08 million Barranquilla
15%
2.30 million Bhopal
15%
4.30 million Jinan
15%
3.45 million Rawalpindi
15%
4.30 million Shijiazhuang
15%
5.80 million The Ruhr
15%
2.69 million Daegu
14%
2.70 million Kaohsiung
14%
2.90 million Lanzhou
14%
2.20 million Baotou
12%
2.05 million Bursa
12%
3.00 million Kumasi
12%
1.90 million Makassar
12%
3.30 million Ningbo
12%
2.55 million Patna
12%
2.10 million Santa Cruz
12%
2.30 million Goiania
11%
1.80 million Haikou
11%
3.18 million Indore
11%
2.08 million Lomé
11%
4.10 million Taiyuan
11%
2.85 million Tangshan
11%
3.50 million Zibo
11%
2.55 million Anshan
9%
2.31 million Chandigarh
9%
2.04 million Cixi
9%
3.38 million Guiyang
9%
2.12 million Lubumbashi
9%
2.50 million Luoyang
9%
2.30 million Peshawar
9%
2.20 million Semarang
9%
2.12 million Vadodara
9%
1.90 million Varanasi
9%
2.10 million Yantai
9%
2.90 million Bhilai
8%
2.60 million Coimbatore
8%
1.90 million Gaza
8%
2.80 million Huizhou
8%
3.90 million Nanchong
8%
2.30 million Taichung
8%
2.30 million Taizhou
8%
2.30 million Toluca
8%
1.90 million Yogyakarta
8%
2.08 million Baoding
6%
2.70 million Gujranwala
6%
1.80 million Hohhot
6%
1.84 million Kaduna
6%
2.00 million Liuzhou
6%
2.05 million Mbuji-Mayi
6%
2.00 million Nantong
6%
1.85 million Rajkot
6%
1.90 million Yangzhou
6%
2.43 million Jiangyin
5%
2.00 million Linyi
5%
2.10 million Multan
5%
2.12 million Okayama
5%
2.10 million Xinxiang
5%
1.95 million Huai’an
3%
2.00 million Kitakyushu
3%
1.95 million Ludhiana
3%
2.00 million Vijayawada
3%
1.96 million Weifang
3%
1.80 million Xiangyang
3%
1.90 million Bhubaneswar
2%
2.05 million Nasik
0%
2.83 million Xuhou
0%
No matching quizzes found
Score Distribution
Percent of People with Each Score
Percentile by Number Answered
Your Score History
You have not taken this quiz since the last reset